000 00576nam a22001697a 4500
005 20251108172950.0
008 250721s2001 xx 000 0 ara d
082 1 4 _a615.13/سال
100 1 _aسالم، خالد محمد مصطفى
245 1 0 _aالأدوية و رأي الطب العربي : التداوي بالأعشاب و النباتات الطبية /
264 1 _aعمان :
_bدار الفرقان للنشر و التوزيع،
_c2001.
300 _a261ص.
650 1 7 _aالأدوية
650 1 7 _aالتركيب
942 _2ddc
_cBK
999 _c92931
_d92931